|
|
|
|
| LEADER |
01039nab a2200277 i 4500 |
| 001 |
publ9862 |
| 005 |
20200121145829.0 |
| 008 |
161109s2016 hu o 0|| zxx d |
| 022 |
|
|
|a 1477-9226
|
| 024 |
7 |
|
|a 10.1039/C6DT03463B
|2 doi
|
| 024 |
7 |
|
|a 3029757
|2 mtmt
|
| 040 |
|
|
|a SZTE Publicatio Repozitórium
|b hun
|
| 041 |
|
|
|a zxx
|
| 100 |
1 |
|
|a Gácsi Attila
|
| 245 |
1 |
0 |
|a Calcium L-tartrate complex formation in neutral and in hyperalkaline aqueous solutions
|h [elektronikus dokumentum] /
|c Gácsi Attila
|
| 260 |
|
|
|a Royal Society of Chemistry (RCS)
|c 2016
|
| 300 |
|
|
|a 17296-17303
|
| 490 |
0 |
|
|a DALTON TRANSACTIONS
|v 45 No. 43
|
| 700 |
0 |
1 |
|a Kutus Bence
|e aut
|
| 700 |
0 |
1 |
|a Csendes Zita
|e aut
|
| 700 |
0 |
1 |
|a Faragó Tünde
|e aut
|
| 700 |
0 |
1 |
|a Peintler Gábor
|e aut
|
| 700 |
0 |
1 |
|a Pálinkó István
|e aut
|
| 700 |
0 |
1 |
|a Sipos Pál Miklós
|e aut
|
| 856 |
4 |
0 |
|u http://publicatio.bibl.u-szeged.hu/9862/1/dalton45201617296_u.pdf
|z Dokumentum-elérés
|
| 856 |
4 |
0 |
|u http://publicatio.bibl.u-szeged.hu/9862/2/dalton45201617296_suppinf_u.pdf
|z Dokumentum-elérés
|